000 01074nam a22002177a 4500
003 GR-AtMCL
005 20260128145226.0
006 a|||||r|||||||||||
008 s202506 gr |||||||||||||||||gre|d
020 _a9786180344547
040 _aGR-AtMCL
_bgre
_dGR-AtMCL
100 _aΕυσταθιάδης, Μίνως
_910312
245 1 2 _aΟ δύτης /
_cΜίνως Ευσταθιάδης
250 _a1η έκδ.
264 1 _aΑθήνα :
_bΜεταίχμιο,
_c2025
300 _a253 σ.;
_c21 εκ.
520 _aΜια περιπλάνηση που αρχίζει από το νυχτερινό Αμβούργο για να καταλήξει στον βυθό της ελληνικής θάλασσας. Η αλυσίδα διαδοχικών αυτοκτονιών και ανεξήγητων θανάτων περιστρέφεται γύρω από μια ταινία διάρκειας λίγων λεπτών. Μέσα της ξαναζωντανεύει «Ο Δύτης».
653 _aΛογοτεχνία
942 _cBK
999 _c10090
_d10090